000 00388pab a2200169 454500
008 180718b2007 xxu||||| |||| 00| 0 eng d
100 _aAdarsh Kumar
245 _aMarketing handlooms: increasing competitiveness
260 _c2007
300 _ap.29-33.
362 _aJul
650 _aMarketing
650 _aTextile industry
773 _aYojana
908 _aN
909 _a74550
999 _c74550
_d74550